[Event "SVK-chT3A2 1415"]
[Site "Slovakia"]
[Date "2014.10.19"]
[Round "1.2"]
[White "Skapik, Branislav"]
[Black "Kahancova, Jana"]
[Result "1-0"]
[WhiteElo "1822"]
[BlackElo "1717"]
[PlyCount "39"]
[EventDate "2014.10.19"]
[EventType "team-tourn"]
[EventRounds "11"]
[EventCountry "SVK"]
[SourceTitle "EXT 2019"]
[Source "ChessBase"]
[SourceDate "2018.10.10"]
[SourceVersion "1"]
[SourceVersionDate "2018.10.10"]
[SourceQuality "1"]

1. Nf3 Nf6 2. g3 d5 3. Bg2 c6 4. d3 Nbd7 5. 0-0 e5 6. Nbd2 Bd6 7. e4 0-0 8. Re1 Re8 9. Nf1 Nc5 10. Bg5 h6 11. Bxf6 Qxf6 12. exd5 cxd5 13. d4 Ne4 14. N1d2 Nxd2 15. Nxd2 e4 16. c4 Qxd4 17. cxd5 Qxd5 18. Nxe4 Qxd1 19. Raxd1 Bb4 20. Nf6+ 1-0

[Event "Senica op 6th"]
[Site "Senica"]
[Date "2014.08.30"]
[Round "6"]
[White "Skapik, Branislav"]
[Black "Sobek, Michal"]
[Result "1-0"]
[WhiteElo "1841"]
[BlackElo "1401"]
[PlyCount "79"]
[EventDate "2014.08.27"]
[EventType "swiss"]
[EventRounds "7"]
[EventCountry "SVK"]
[SourceTitle "EXT 2016"]
[Source "ChessBase"]
[SourceDate "2015.10.08"]
[SourceVersion "1"]
[SourceVersionDate "2015.10.08"]
[SourceQuality "1"]

1. e4 e5 2. Nf3 Nc6 3. Bb5 a6 4. Ba4 Nf6 5. 0-0 Be7 6. c3 b5 7. Bc2 d6 8. h3 0-0 9. d3 Na5 10. b4 Nb7 11. Be3 Nd7 12. d4 c5 13. d5 Qc7 14. Nbd2 Nb6 15. a4 Bd7 16. a5 Nc4 17. Nxc4 bxc4 18. Ba4 Bxa4 19. Qxa4 cxb4 20. cxb4 f5 21. Bb6 Qc8 22. Nd2 c3 23. Rac1 Bg5 24. Be3 f4 25. Bb6 f3 26. Nxf3 Rxf3 27. gxf3 Bxc1 28. Rxc1 Qxh3 29. Rxc3 Rf8 30. Qc2 h6 31. f4 Qg4+ 32. Rg3 Qxf4 33. Be3 Qh4 34. Qc6 Rf7 35. Qxa6 Qxe4 36. Qa8+ Kh7 37. a6 Rf3 38. Rxf3 Qxf3 39. Qc8 Qd1+ 40. Kh2 1-0